000 00708nam a2200217Ia 4500
003 GCL
008 140319s9999 xx 000 0 ara d
020 _a6226270977
040 _aGCL /
_cGCL
082 0 4 _a810.8009
_bم م
100 1 _aمحمد عبدالمنعم خفاجى
245 1 0 _aمدارس النقد الادبى الحديث /
_cمحمد عبدالمنعم خفاجى
250 _aالاولى
260 _aالقاهرة :
_bالدار المصرية اللبنانية ،
_c1995
300 _a320 ص ؛
_c24 سم
650 0 4 _aالادب
650 0 4 _aالنقد الادبى
650 0 4 _aالادب - تاريخ ونقد
650 0 4 _aالادب - تاريخ
942 _2ddc
_cBK
999 _c41554
_d41554